|
|
|
|
| LEADER |
00000naa2a2200000 4500 |
| 001 |
172974 |
| 005 |
20231228093215.0 |
| 035 |
|
|
|a (RuTPU)RU\TPU\book\187630
|
| 090 |
|
|
|a 172974
|
| 100 |
|
|
|a 20091217d2009 k y0rusy50 ca
|
| 101 |
0 |
|
|a rus
|
| 102 |
|
|
|a RU
|
| 200 |
1 |
|
|a Повышение эффективности процесса каталитического риформинга на установке Л-35-6 Новокуйбышевского НПЗ
|f М. С. Гаврилова, Н. В. Чеканцев, Е. С. Шарова
|g науч. рук. Э. Д. Иванчина
|
| 320 |
|
|
|a Библиогр.: 3 назв.
|
| 463 |
|
1 |
|0 (RuTPU)RU\TPU\book\176321
|t Химия и химическая технология в XXI веке
|o X Юбилейная всероссийская научно-практическая конференция студентов и аспирантов, г. Томск, 13-15 мая 2009 г.
|f Томский политехнический университет (ТПУ) ; Химия и химическая технология в XXI веке
|v С. 211-212
|d 2009
|p 322 с.
|
| 610 |
1 |
|
|a каталитический риформинг
|
| 610 |
1 |
|
|a технологические процессы
|
| 610 |
1 |
|
|a эффективность
|
| 610 |
1 |
|
|a катализаторы
|
| 610 |
1 |
|
|a ароматические углеводороды
|
| 610 |
1 |
|
|a компьютерные моделирующие системы
|
| 610 |
1 |
|
|a труды учёных ТПУ
|
| 700 |
|
1 |
|a Гаврилова
|b М. С.
|
| 701 |
|
1 |
|a Чеканцев
|b Н. В.
|c химик-технолог
|c доцент Томского политехнического университета, инженер, кандидат технических наук
|f 1985-
|g Никита Витальевич
|3 (RuTPU)RU\TPU\pers\25018
|
| 701 |
|
1 |
|a Шарова
|b Е. С.
|c химик
|c доцент Томского политехнического университета, кандидат технических наук
|f 1984-
|g Екатерина Сергеевна
|3 (RuTPU)RU\TPU\pers\25019
|9 11152
|
| 702 |
|
1 |
|a Иванчина
|b Э. Д.
|c химик
|c профессор Томского политехнического университета, доктор технических наук
|f 1951-
|g Эмилия Дмитриевна
|4 727
|
| 801 |
|
1 |
|a RU
|b 63413507
|c 20091217
|
| 801 |
|
2 |
|a RU
|b 63413507
|c 20140524
|g RCR
|
| 942 |
|
|
|c BK
|